000
00308cam a22001217a 4500
008
180718b1957 xxu||||| |||| 00| 0 eng d
082
_a
O352 T647
100
_a
Tournier, Paul
245
_a
Meaning of persons
_c
by Paul Tournier
260
_a
New York
_b
Harper
_c
1957
300
_a
238p.
650
_a
Personality
999
_c
437113
_d
437113